Wireless communications (Record no. 26111)
[ view plain ]
| 000 -LEADER | |
|---|---|
| fixed length control field | 01436nam a22002297a 4500 |
| 003 - CONTROL NUMBER IDENTIFIER | |
| control field | CUTN |
| 005 - DATE AND TIME OF LATEST TRANSACTION | |
| control field | 20181010150425.0 |
| 008 - FIXED-LENGTH DATA ELEMENTS--GENERAL INFORMATION | |
| fixed length control field | 181010b xxu||||| |||| 00| 0 eng d |
| 020 ## - INTERNATIONAL STANDARD BOOK NUMBER | |
| International Standard Book Number | 9788126510566 |
| 041 ## - LANGUAGE CODE | |
| Language | English |
| 082 ## - DEWEY DECIMAL CLASSIFICATION NUMBER | |
| Classification number | 621.384 |
| Item number | MOL |
| 100 ## - MAIN ENTRY--PERSONAL NAME | |
| Personal name | Molisch, Andreas F. |
| 245 ## - TITLE STATEMENT | |
| Title | Wireless communications |
| Statement of responsibility, etc | Andreas F Molisch |
| 250 ## - EDITION STATEMENT | |
| Edition statement | student ed. |
| 260 ## - PUBLICATION, DISTRIBUTION, ETC. (IMPRINT) | |
| Place of publication, distribution, etc | New Delhi : |
| Name of publisher, distributor, etc | Wiley, |
| Date of publication, distribution, etc | 2005. |
| 300 ## - PHYSICAL DESCRIPTION | |
| Extent | xlvi, 622 p.: |
| Other physical details | ill.; |
| Dimensions | 22 cm. |
| 505 ## - FORMATTED CONTENTS NOTE | |
| Title | pt. 1. Introduction --<br/> |
| -- | pt. 2. Wireless propagation channels --<br/> |
| -- | pt. 3. Transceivers and signal processing --<br/><br/> |
| -- | pt. 4. Multiple access and advanced transceiver schemes --<br/><br/><br/> |
| -- | pt. 5. Standardized wireless systems.<br/><br/><br/> |
| 650 ## - SUBJECT ADDED ENTRY--TOPICAL TERM | |
| Topical term or geographic name as entry element | Wireless communication systems |
| 650 ## - SUBJECT ADDED ENTRY--TOPICAL TERM | |
| Topical term or geographic name as entry element | Signal processing--Digital techniques |
| 942 ## - ADDED ENTRY ELEMENTS (KOHA) | |
| Source of classification or shelving scheme | Dewey Decimal Classification |
| Koha item type | General Books |
| 520 ## - SUMMARY, ETC. | |
| Summary, etc | "Professor Andreas F. Molisch, renowned researcher and educator, has put together the comprehensive book, Wireless Communications. The second edition, which includes a wealth of new material on important topics, ensures the role of the text as the key resource for every student, researcher, and practitioner in the field."-Professor Moe Win, MIT, USA Wireless communications has grown rapidly over the past decade from a niche market into one of the most important, fast moving industries. Fully updated to incorporate the latest research and developments, Wireless Communications, Second Edition |
| Withdrawn status | Lost status | Source of classification or shelving scheme | Damaged status | Not for loan | Collection code | Home library | Location | Shelving location | Date of Cataloging | Total Checkouts | Full call number | Barcode | Date last seen | Price effective from | Koha item type |
|---|---|---|---|---|---|---|---|---|---|---|---|---|---|---|---|
| Dewey Decimal Classification | Non-fiction | CUTN Central Library | CUTN Central Library | Medicine, Technology & Management | 10/10/2018 | 621.384 MOL | 33107 | 10/10/2018 | 10/10/2018 | General Books |
